00836cam a2200205 a 450000100100000000500170001000800410002704000290006808200180009710000450011524501200016026000570028030000280033765100420036565100420040791000330044904900090048295201220049199900170061300001891320200929165900.0830404s1967 gt 000 0 spa d aDO-SdBNPbspacLCdBNPHU a915.17bD542u1 aDíaz Vasconcelos, Luis Antonio.94070913aUn viaje a Formosa pasando por otras partes :bcrónica de un viaje al Oriente /cLuis Antonio Díaz Vasconcelos. aGuatemala :bTipografía Nacional Guatemala,c1967. a494 p. :bil. ;c21 cm. 4aTaiwanxDescripción Y Viajes940710 4aFormosaxRelaciones Exteriores940711 aCatalogación derivada / LC aBNGR 001054708MOaGRbGRcCTd2010-05-20iLF1l0o915.17 D542up18913-10r2020-06-25w2020-06-25y4ZPréstamo en sala c18431d18431